[Event "Gonzaga Masters 2016"]
[Site "Dublin IRL"]
[Date "2016.01.22"]
[Round "1"]
[White "Delaney, Killian"]
[Black "Haque, Mustakim-Ul"]
[Result "0-1"]
[WhiteElo "2180"]
[BlackElo "1846"]
[WhiteICU "2102"]
[BlackICU "1778"]
[WhiteClub "Gonzaga"]
[BlackClub "Rathmines Jrs"]
[WhiteNationality "IRL"]
[BlackNationality "IRL"]
[WhiteFideId "2501570"]
[BlackFideId "2509334"]
[PlyCount "84"]
[EventDate "2016.01.22"]
[Source "Herbert Scarry, via Dylan Boland"]

{ Reference: <a
href="http://www.irlchess.com/gonzaga2016_allfiles/pairings_gonzaga2016.html">Tournament
report</a>. } { Event information: <a
href="http://ratings.icu.ie/tournaments/781">Pairings &amp; results</a>,
ICU ratings web site. }

1. e4 c6 2. c4 d5 3. exd5 cxd5 4. cxd5 Qxd5 5. Nc3 Qa5 6. Nf3 Nc6 7. Bb5
Bd7 8. d4 a6 9. Bxc6 Bxc6 10. O-O Nf6 11. Ne5 Qc7 12. Bf4 Qb6 13. d5 Rd8
14. dxc6 Rxd1 15. Rfxd1 bxc6 16. Rac1 e6 17. Na4 Qb7 18. Nxc6 Nd7 19. Na5
Qb5 20. Rc8+ Ke7 21. Nc6+ Kf6 22. Nc3 Qxb2 23. Rxd7 Bd6 24. Rxd6 Rxc8 25.
Be5+ Kf5 26. g4+ Kxg4 27. Rd4+ Kh5 28. Nd1 Qe2 29. Nb2 Rxc6 30. Nd3 Rc1+
31. Kg2 Qf1+ 32. Kg3 Qg1+ 33. Kf3 Qh1+ 34. Ke3 Re1+ 35. Kd2 Rd1+ 36. Ke3 g5
37. h4 Qh3+ 38. Ke2 Qf1+ 39. Ke3 Re1+ 40. Kf3 Qe2+ 41. Kg3 Rg1+ 42. Kh2 Qf1
0-1

[Event "Gonzaga Masters 2016"]
[Site "Dublin IRL"]
[Date "2016.01.23"]
[Round "2"]
[White "Boyle, Bernard"]
[Black "Melaugh, Shane"]
[Result "1/2-1/2"]
[WhiteElo "1889"]
[BlackElo "1684"]
[WhiteICU "1800"]
[BlackICU "1684"]
[WhiteClub "Elm Mount"]
[BlackClub "Elm Mount"]
[WhiteNationality "IRL"]
[BlackNationality "IRL"]
[WhiteFideId "2501830"]
[BlackFideId "2509580"]
[PlyCount "36"]
[EventDate "2016.01.22"]
[Source "Herbert Scarry, via Dylan Boland"]

{ Reference: <a
href="http://www.irlchess.com/gonzaga2016_allfiles/pairings_gonzaga2016.html">Tournament
report</a>. } { Event information: <a
href="http://ratings.icu.ie/tournaments/781">Pairings &amp; results</a>,
ICU ratings web site. }

1. d4 Nf6 2. Bf4 d5 3. e3 Bf5 4. c4 c6 5. Qb3 Qb6 6. c5 Qxb3 7. axb3 Nbd7
8. Nc3 e6 9. b4 Be7 10. b5 O-O 11. bxc6 bxc6 12. h3 Ne4 13. Nxe4 Bxe4 14.
f3 Bg6 15. Ba6 e5 16. Bb7 Rab8 17. Bxc6 exf4 18. Bxd7 fxe3 1/2-1/2

[Event "Gonzaga Masters 2016"]
[Site "Dublin IRL"]
[Date "2016.01.23"]
[Round "2"]
[White "Murray, David"]
[Black "Mulligan, Scott"]
[Result "1-0"]
[WhiteElo "2160"]
[BlackElo "1919"]
[WhiteICU "2113"]
[BlackICU "1889"]
[WhiteClub "Gonzaga"]
[BlackClub "Rathmines Jrs"]
[WhiteNationality "IRL"]
[BlackNationality "IRL"]
[WhiteFideId "2501511"]
[BlackFideId "2507498"]
[PlyCount "43"]
[EventDate "2016.01.22"]
[Source "Herbert Scarry, via Dylan Boland"]

{ Reference: <a
href="http://www.irlchess.com/gonzaga2016_allfiles/pairings_gonzaga2016.html">Tournament
report</a>. } { Event information: <a
href="http://ratings.icu.ie/tournaments/781">Pairings &amp; results</a>,
ICU ratings web site. }

1. e4 e6 2. d4 d5 3. Nc3 Bb4 4. e5 c5 5. a3 Bxc3+ 6. bxc3 Qc7 7. Qg4 f5 8.
Qg3 Nc6 9. Nf3 Nge7 10. Qxg7 Rg8 11. Qxh7 cxd4 12. Bb5 Bd7 13. Bxc6 Qxc6
14. O-O dxc3 15. Bg5 Rxg5 16. Nxg5 Kd8 17. Rab1 Be8 18. Rb3 Kd7 19. Qh4 b6
20. Qb4 Rc8 21. Rxc3 Qxc3 22. Qd6# 1-0

[Event "Gonzaga Masters 2016"]
[Site "Dublin IRL"]
[Date "2016.01.23"]
[Round "2"]
[White "Vlaicevic, Marin"]
[Black "Marzec, Karol"]
[Result "1/2-1/2"]
[WhiteElo "1993"]
[BlackElo "2005"]
[WhiteICU "1948"]
[BlackICU "1926"]
[WhiteClub "Rathmines"]
[BlackClub "Elm Mount"]
[WhiteNationality "CRO"]
[BlackNationality "POL"]
[WhiteFideId "14512394"]
[BlackFideId "1128787"]
[PlyCount "38"]
[EventDate "2016.01.22"]
[Source "Herbert Scarry, via Dylan Boland"]

{ Reference: <a
href="http://www.irlchess.com/gonzaga2016_allfiles/pairings_gonzaga2016.html">Tournament
report</a>. } { Event information: <a
href="http://ratings.icu.ie/tournaments/781">Pairings &amp; results</a>,
ICU ratings web site. }

1. d4 Nf6 2. c4 g6 3. Nf3 Bg7 4. Nc3 d6 5. e4 O-O 6. Be2 e5 7. O-O Nc6 8.
d5 Ne7 9. Bg5 h6 10. Bxf6 Bxf6 11. b4 a5 12. a3 Bd7 13. c5 Nc8 14. Bb5 Be7
15. cxd6 Bxd6 16. Bxd7 Qxd7 17. b5 a4 18. Nd2 Nb6 19. Qe2 Qe7 1/2-1/2

[Event "Gonzaga Masters 2016"]
[Site "Dublin IRL"]
[Date "2016.01.23"]
[Round "2"]
[White "Pocevicius, Dovydas"]
[Black "Nikrow, Shahram"]
[Result "0-1"]
[WhiteElo "1587"]
[BlackElo "1835"]
[WhiteICU "1664"]
[BlackICU "1723"]
[WhiteClub "Enniscorthy"]
[BlackClub "Dublin"]
[WhiteNationality "IRL"]
[BlackNationality "IRL"]
[WhiteFideId "2508427"]
[BlackFideId "2506424"]
[PlyCount "62"]
[EventDate "2016.01.22"]
[Source "Herbert Scarry, via Dylan Boland"]

{ Reference: <a
href="http://www.irlchess.com/gonzaga2016_allfiles/pairings_gonzaga2016.html">Tournament
report</a>. } { Event information: <a
href="http://ratings.icu.ie/tournaments/781">Pairings &amp; results</a>,
ICU ratings web site. }

1. e4 e5 2. d4 exd4 3. c3 d5 4. cxd4 dxe4 5. Bc4 Nf6 6. Qb3 Qd7 7. Bg5 Nc6
8. Bxf6 gxf6 9. Ne2 Na5 10. Bxf7+ Qxf7 11. Qb5+ Nc6 12. d5 a6 13. Qc4 f5
14. O-O Ne5 15. Qb3 Bd6 16. Nd4 Qg7 17. Nd2 Ng4 18. Ne6 Bxh2+ 19. Kh1 Bxe6
20. dxe6 Qh6 21. Qh3 Bd6 22. Nc4 Qxh3+ 23. gxh3 Ne5 24. Nxd6+ cxd6 25. Rac1
Ke7 26. Rc7+ Kxe6 27. Rxb7 Nd3 28. b3 Ke5 29. h4 d5 30. Re7+ Kd4 31. h5 h6
0-1

[Event "Gonzaga Masters 2016"]
[Site "Dublin IRL"]
[Date "2016.01.23"]
[Round "2"]
[White "O'Neill, Paul"]
[Black "Higgins, Michael"]
[Result "0-1"]
[WhiteElo "1833"]
[BlackElo "1629"]
[WhiteICU "1679"]
[BlackICU "1771"]
[WhiteClub "Naomh Barrog"]
[BlackClub "Rathmines Jrs"]
[WhiteNationality "IRL"]
[BlackNationality "IRL"]
[WhiteFideId "2507692"]
[BlackFideId "2507153"]
[PlyCount "66"]
[EventDate "2016.01.22"]
[Source "Herbert Scarry, via Dylan Boland"]

{ Reference: <a
href="http://www.irlchess.com/gonzaga2016_allfiles/pairings_gonzaga2016.html">Tournament
report</a>. } { Event information: <a
href="http://ratings.icu.ie/tournaments/781">Pairings &amp; results</a>,
ICU ratings web site. }

1. e4 c5 2. Nf3 d6 3. d4 cxd4 4. Nxd4 Nf6 5. Nc3 a6 6. Bg5 e6 7. f4 Be7 8.
Qf3 Qc7 9. Bd3 Nbd7 10. O-O Qb6 11. Bxf6 Bxf6 12. e5 Qxd4+ 13. Kh1 dxe5 14.
Rae1 Qxf4 15. Qe2 Qb4 16. Ne4 Qe7 17. Rf3 O-O 18. Ref1 Bg5 19. Nxg5 Qxg5
20. Rg3 Qd8 21. Bxh7+ Kxh7 22. Qh5+ Kg8 23. Rxg7+ Kxg7 24. Qg4+ Kh6 25. Rf3
Qg5 26. Qh3+ Qh5 27. Qg3 b6 28. Qf2 Bb7 29. Qe3+ Kg6 30. Rg3+ Kf6 31. Qf2+
Ke7 32. Qd2 Rg8 33. Qb4+ Nc5 0-1

[Event "Gonzaga Masters 2016"]
[Site "Dublin IRL"]
[Date "2016.01.23"]
[Round "2"]
[White "Cichonski, Bartlomiej"]
[Black "Pachalov, Aleksejus"]
[Result "1-0"]
[WhiteElo "2008"]
[BlackElo "1876"]
[WhiteICU "1947"]
[BlackICU "1684"]
[WhiteClub "Balbriggan"]
[BlackClub "Balbriggan"]
[WhiteNationality "IRL"]
[BlackNationality "RUS"]
[WhiteFideId "2503620"]
[BlackFideId "54163145"]
[PlyCount "61"]
[EventDate "2016.01.22"]
[Source "Herbert Scarry, via Dylan Boland"]

{ Reference: <a
href="http://www.irlchess.com/gonzaga2016_allfiles/pairings_gonzaga2016.html">Tournament
report</a>. } { Event information: <a
href="http://ratings.icu.ie/tournaments/781">Pairings &amp; results</a>,
ICU ratings web site. }

1. f4 d5 2. Nf3 c5 3. g3 Nc6 4. Bg2 g6 5. O-O Nf6 6. d3 Bg7 7. c3 O-O 8.
Qe1 Qc7 9. e4 dxe4 10. dxe4 e5 11. Na3 Re8 12. Nh4 b6 13. f5 Ba6 14. Rf3 b5
15. Bg5 Nd7 16. fxg6 hxg6 17. Bh3 b4 18. Nc2 Bc4 19. Ne3 Nb6 20. Nxc4 Nxc4
21. Rd1 Nd8 22. Rd7 Qc6 23. Bxd8 Raxd8 24. Rdxf7 Bh6 25. Rc7 Be3+ 26. Kh1
Qxe4 27. Bg2 Qc2 28. Rg7+ Kh8 29. Nxg6+ Qxg6 30. Rxg6 Rf8 31. Qe2 1-0

[Event "Gonzaga Masters 2016"]
[Site "Dublin IRL"]
[Date "2016.01.23"]
[Round "2"]
[White "Beatty, Ross"]
[Black "O'Gorman, Tom"]
[Result "0-1"]
[WhiteElo "1737"]
[BlackElo "2010"]
[WhiteICU "1752"]
[BlackICU "2135"]
[WhiteClub "St. Benildus"]
[BlackClub "Dun Laoghaire"]
[WhiteNationality "IRL"]
[BlackNationality "IRL"]
[WhiteFideId "2507552"]
[BlackFideId "2508249"]
[PlyCount "110"]
[EventDate "2016.01.22"]
[Source "Herbert Scarry, via Dylan Boland"]

{ Reference: <a
href="http://www.irlchess.com/gonzaga2016_allfiles/pairings_gonzaga2016.html">Tournament
report</a>. } { Event information: <a
href="http://ratings.icu.ie/tournaments/781">Pairings &amp; results</a>,
ICU ratings web site. }

1. e4 c6 2. d3 d5 3. Nd2 e5 4. Ngf3 Bd6 5. g3 Nf6 6. Bg2 O-O 7. O-O Bg4 8.
c3 Re8 9. Qb3 Qc7 10. h3 Bh5 11. Re1 Nbd7 12. Nh4 Nc5 13. Qc2 a5 14. d4
exd4 15. cxd4 Ncxe4 16. Nxe4 dxe4 17. Bxe4 Bxg3 18. fxg3 Qxg3+ 19. Ng2 Rxe4
20. Rxe4 Nxe4 21. Qxe4 Bf3 22. Qc2 Re8 23. Bf4 Qxh3 24. Re1 Qxg2+ 25. Qxg2
Rxe1+ 26. Kf2 Bxg2 27. Kxe1 Bd5 28. a4 Bb3 29. Bc7 Bxa4 30. Bxa5 Kf8 31.
Bb4+ Ke8 32. Kf2 Kd7 33. Bc3 g6 34. Kg3 Ke6 35. Kf4 f6 36. Kg4 h5+ 37. Kh4
Bd1 38. Ba5 Kf5 39. Bd8 g5+ 40. Kh3 Bg4+ 41. Kg2 Kg6 42. b4 Be6 43. Be7 f5
44. Bd6 h4 45. Be7 Kh5 46. Bd6 g4 47. Bc7 Bd5+ 48. Kh2 g3+ 49. Kh3 g2 50.
Kh2 Kg4 51. b5 cxb5 52. Ba5 Kf3 53. Kg1 Ke2 54. Bc7 b4 55. Bg3 b3 0-1

[Event "Gonzaga Masters 2016"]
[Site "Dublin IRL"]
[Date "2016.01.23"]
[Round "2"]
[White "Redmond, Joshua"]
[Black "Delaney, Killian"]
[Result "0-1"]
[WhiteElo "1742"]
[BlackElo "2180"]
[WhiteICU "1660"]
[BlackICU "2102"]
[WhiteClub "Elm Mount"]
[BlackClub "Gonzaga"]
[WhiteNationality "IRL"]
[BlackNationality "IRL"]
[WhiteFideId "66800315"]
[BlackFideId "2501570"]
[PlyCount "78"]
[EventDate "2016.01.22"]
[Source "Herbert Scarry, via Dylan Boland"]

{ Reference: <a
href="http://www.irlchess.com/gonzaga2016_allfiles/pairings_gonzaga2016.html">Tournament
report</a>. } { Event information: <a
href="http://ratings.icu.ie/tournaments/781">Pairings &amp; results</a>,
ICU ratings web site. }

1. Nf3 Nf6 2. g3 g6 3. Bg2 Bg7 4. O-O O-O 5. d3 d5 6. Nbd2 c5 7. e4 Nc6 8.
c3 e5 9. Re1 h6 10. Qc2 Re8 11. Nf1 d4 12. Bd2 Be6 13. a3 Rc8 14. c4 Nd7
15. b4 cxb4 16. axb4 b5 17. Rec1 bxc4 18. dxc4 d3 19. Qxd3 a5 20. bxa5 Nc5
21. Qe3 Bf8 22. a6 Ra8 23. a7 Nd3 24. Rc2 Bc5 25. Qe2 Bxf2+ 26. Kh1 Bxa7
27. Be3 Bxe3 28. Rxa8 Qxa8 29. Nxe3 Ncb4 30. Rd2 Qa1+ 31. Rd1 Qc3 32. Nd5
Bxd5 33. exd5 Ra8 34. Ne1 Ra2 35. Rxd3 Nxd3 36. Qxd3 Qxe1+ 37. Qf1 Qc3 38.
Bf3 Ra1 39. Bd1 Qd2 0-1

[Event "Gonzaga Masters 2016"]
[Site "Dublin IRL"]
[Date "2016.01.23"]
[Round "2"]
[White "Haque, Mustakim-Ul"]
[Black "Moran, Stephen"]
[Result "0-1"]
[WhiteElo "1846"]
[BlackElo "2128"]
[WhiteICU "1778"]
[BlackICU "2123"]
[WhiteClub "Rathmines Jrs"]
[BlackClub "T.C.D."]
[WhiteNationality "IRL"]
[BlackNationality "IRL"]
[WhiteFideId "2509334"]
[BlackFideId "2501872"]
[PlyCount "56"]
[EventDate "2016.01.22"]
[Source "Herbert Scarry, via Dylan Boland"]

{ Reference: <a
href="http://www.irlchess.com/gonzaga2016_allfiles/pairings_gonzaga2016.html">Tournament
report</a>. } { Event information: <a
href="http://ratings.icu.ie/tournaments/781">Pairings &amp; results</a>,
ICU ratings web site. }

1. d4 Nf6 2. c4 g6 3. Nc3 d5 4. Nf3 Bg7 5. Bg5 Ne4 6. Bh4 Nxc3 7. bxc3 dxc4
8. e3 Be6 9. Ng5 Bd5 10. e4 h6 11. exd5 hxg5 12. Bxg5 Qxd5 13. Qg4 Nd7 14.
Be2 c6 15. Rb1 Nb6 16. O-O Qd6 17. h4 O-O 18. h5 Rfe8 19. h6 Bf6 20. f4
Bxg5 21. fxg5 Rf8 22. Rf3 c5 23. Rbf1 cxd4 24. Rf6 exf6 25. gxf6 Kh7 26.
Bf3 dxc3 27. Qg5 Rac8 28. Re1 Qc5+ 0-1

[Event "Gonzaga Masters 2016"]
[Site "Dublin IRL"]
[Date "2016.01.23"]
[Round "2"]
[White "Hughes, Padraig"]
[Black "Boland, Dylan"]
[Result "0-1"]
[WhiteElo "1700"]
[BlackElo "1855"]
[WhiteICU "1801"]
[BlackICU "1758"]
[WhiteClub "Curragh"]
[BlackClub "St. Benildus"]
[WhiteNationality "IRL"]
[BlackNationality "IRL"]
[WhiteFideId "2505690"]
[BlackFideId "2507560"]
[PlyCount "51"]
[EventDate "2016.01.22"]
[Source "Herbert Scarry, via Dylan Boland"]
[WhiteFullName "Hughes, P&aacute;draig"]

{ Reference: <a
href="http://www.irlchess.com/gonzaga2016_allfiles/pairings_gonzaga2016.html">Tournament
report</a>. } { Event information: <a
href="http://ratings.icu.ie/tournaments/781">Pairings &amp; results</a>,
ICU ratings web site. }

1. e4 e6 2. d4 b6 3. Nf3 Bb7 4. Nc3 Nf6 5. Bd3 d5 6. Qe2 Bb4 7. exd5 Qxd5
8. O-O Bxc3 9. bxc3 Qh5 10. Ne5 Qxe2 11. Bxe2 O-O 12. f4 Nbd7 13. Nxd7 Nxd7
14. Bd3 g6 15. Bd2 Rad8 16. c4 c5 17. c3 Nf6 18. Be3 Ng4 19. Bc1 cxd4 20.
Ba3 dxc3 21. Be2 Ne3 22. Bf3 Nxf1 23. Bxb7 Ne3 24. Bxf8 Kxf8 25. Bf3 c2 26.
Kf2 0-1

[Event "Gonzaga Masters 2016"]
[Site "Dublin IRL"]
[Date "2016.01.23"]
[Round "2"]
[White "Copeland, Dean"]
[Black "Cafolla, Peter"]
[Result "0-1"]
[WhiteElo "1801"]
[BlackElo "2045"]
[WhiteICU "1603"]
[BlackICU "1975"]
[WhiteClub "Enniscorthy"]
[WhiteNationality "IRL"]
[BlackNationality "IRL"]
[WhiteFideId "368178551"]
[BlackFideId "2500884"]
[PlyCount "72"]
[EventDate "2016.01.22"]
[Source "Herbert Scarry, via Dylan Boland"]

{ Reference: <a
href="http://www.irlchess.com/gonzaga2016_allfiles/pairings_gonzaga2016.html">Tournament
report</a>. } { Event information: <a
href="http://ratings.icu.ie/tournaments/781">Pairings &amp; results</a>,
ICU ratings web site. }

1. e4 c5 2. d4 cxd4 3. c3 d5 4. exd5 Qxd5 5. cxd4 e5 6. dxe5 Qxd1+ 7. Kxd1
Nc6 8. Nf3 Bg4 9. Be2 O-O-O+ 10. Ke1 Bxf3 11. Bxf3 Nxe5 12. Ke2 Nf6 13. Be3
Kb8 14. Nc3 Nxf3 15. Kxf3 b6 16. Rad1 Be7 17. a3 Kb7 18. Rhe1 Rxd1 19. Rxd1
Rc8 20. Rd3 a6 21. h3 b5 22. g4 h6 23. h4 Rd8 24. Rxd8 Bxd8 25. g5 hxg5 26.
Bxg5 Kc6 27. Ne4 Nxe4 28. Kxe4 Bxg5 29. hxg5 Kc5 30. Kd3 a5 31. f3 Kd5 32.
f4 f6 33. gxf6 gxf6 34. b4 axb4 35. axb4 f5 36. Ke2 Ke4 0-1

[Event "Gonzaga Masters 2016"]
[Site "Dublin IRL"]
[Date "2016.01.23"]
[Round "2"]
[White "Reynolds, Pat"]
[Black "Goss, Alex"]
[Result "1-0"]
[WhiteElo "1932"]
[BlackElo "1715"]
[WhiteICU "1797"]
[BlackICU "1477"]
[WhiteClub "Bray/Greystones"]
[BlackClub "Elm Mount"]
[WhiteNationality "IRL"]
[BlackNationality "IRL"]
[WhiteFideId "2501392"]
[BlackFideId "2509407"]
[PlyCount "81"]
[EventDate "2016.01.22"]
[Source "Herbert Scarry, via Dylan Boland"]

{ Reference: <a
href="http://www.irlchess.com/gonzaga2016_allfiles/pairings_gonzaga2016.html">Tournament
report</a>. } { Event information: <a
href="http://ratings.icu.ie/tournaments/781">Pairings &amp; results</a>,
ICU ratings web site. }

1. d4 g6 2. c4 Bg7 3. Nf3 f5 4. g3 c5 5. Bg2 Nf6 6. O-O O-O 7. d5 d6 8. Nc3
Qa5 9. Rb1 Nbd7 10. a3 Qa6 11. Nb5 Qb6 12. Nc3 Ng4 13. Qc2 Bxc3 14. Qxc3
Nde5 15. b3 Nxf3+ 16. Bxf3 Ne5 17. Bg2 Bd7 18. Bb2 Rf6 19. Qd2 Rf7 20. h3
Bc8 21. Kh2 Nd7 22. b4 Nf6 23. Qc3 cxb4 24. axb4 Bd7 25. c5 Qc7 26. c6 bxc6
27. dxc6 Be8 28. Bd5 Rc8 29. Rfc1 e5 30. Bxf7+ Bxf7 31. Ra1 Nd5 32. Qd2 Qb6
33. e3 Qxb4 34. Qxb4 Nxb4 35. Rxa7 Rxc6 36. Rxc6 Nxc6 37. Rd7 d5 38. f4 Be8
39. Rxd5 e4 40. g4 Bf7 41. Rc5 1-0

[Event "Gonzaga Masters 2016"]
[Site "Dublin IRL"]
[Date "2016.01.23"]
[Round "2"]
[White "O'Donnell, Conor"]
[Black "McMorrow, John"]
[Result "1-0"]
[WhiteTitle "FM"]
[WhiteElo "2302"]
[BlackElo "1983"]
[WhiteICU "2277"]
[BlackICU "1851"]
[WhiteClub "Gonzaga"]
[BlackClub "Gonzaga"]
[WhiteNationality "IRL"]
[BlackNationality "IRL"]
[WhiteFideId "2504243"]
[BlackFideId "2501481"]
[PlyCount "87"]
[EventDate "2016.01.22"]
[Source "Herbert Scarry, via Dylan Boland"]

{ Reference: <a
href="http://www.irlchess.com/gonzaga2016_allfiles/pairings_gonzaga2016.html">Tournament
report</a>. } { Event information: <a
href="http://ratings.icu.ie/tournaments/781">Pairings &amp; results</a>,
ICU ratings web site. }

1. d4 d5 2. c4 e6 3. Nc3 Nf6 4. cxd5 exd5 5. Bg5 Be7 6. Qc2 c6 7. e3 Nbd7
8. Bd3 Qa5 9. Nf3 O-O 10. Bxh7+ Nxh7 11. Bxe7 Re8 12. Bh4 Ndf6 13. O-O Ne4
14. Nd2 g5 15. Ncxe4 gxh4 16. Nd6 Re7 17. Nf3 Qd8 18. Nxc8 Qxc8 19. Nxh4
Re4 20. Nf3 f6 21. Nd2 Rg4 22. f3 Rg7 23. Kh1 Kh8 24. Rf2 Qe8 25. e4 Rd8
26. Qc3 Qh5 27. Re1 Qh4 28. Qe3 Rdg8 29. Rfe2 Rg5 30. Qf2 Qh6 31. Qe3 Qh4
32. Nf1 Rh5 33. Qf2 Qf4 34. e5 Ng5 35. Qe3 Qh4 36. exf6 Nf7 37. Qe7 Rh7 38.
Qxb7 Qxf6 39. Qxa7 Rhg7 40. Ng3 Rh7 41. Re8 Qh4 42. Rxg8+ Kxg8 43. Re8+ Kg7
44. Nf5+ 1-0

[Event "Gonzaga Masters 2016"]
[Site "Dublin IRL"]
[Date "2016.01.23"]
[Round "2"]
[White "Scallan, Fiachra"]
[Black "Jocius, Donatas"]
[Result "1/2-1/2"]
[WhiteElo "1747"]
[BlackElo "1836"]
[WhiteICU "1767"]
[BlackICU "1728"]
[WhiteClub "Rathmines Jrs"]
[BlackClub "Rathmines"]
[WhiteNationality "IRL"]
[BlackNationality "IRL"]
[WhiteFideId "2507528"]
[BlackFideId "2509032"]
[PlyCount "88"]
[EventDate "2016.01.22"]
[Source "Herbert Scarry, via Dylan Boland"]

{ Reference: <a
href="http://www.irlchess.com/gonzaga2016_allfiles/pairings_gonzaga2016.html">Tournament
report</a>. } { Event information: <a
href="http://ratings.icu.ie/tournaments/781">Pairings &amp; results</a>,
ICU ratings web site. }

1. e4 Nc6 2. Nf3 d5 3. exd5 Qxd5 4. Nc3 Qe6+ 5. Be2 Qg6 6. Nd5 Qd6 7. Nc3
a6 8. d3 f5 9. Nd2 Be6 10. O-O g6 11. Nc4 Bxc4 12. dxc4 Nf6 13. Qxd6 cxd6
14. Bf3 Kd7 15. Bg5 Bg7 16. Bxf6 Bxf6 17. Nd5 Bg7 18. c3 Rae8 19. Rfe1 Ne5
20. Be2 e6 21. Ne3 Re7 22. Rad1 Rhe8 23. c5 d5 24. c4 f4 25. Nc2 Kc7 26.
cxd5 exd5 27. Nb4 Nf3+ 28. gxf3 Rxe2 29. Nxd5+ Kc6 30. Rxe2 Rxe2 31. Nxf4
Rxb2 32. Ne6 Be5 33. f4 Bc7 34. a3 Ra2 35. Nd4+ Kd7 36. Rd3 Ra1+ 37. Kg2
Kc8 38. f5 Be5 39. Ne6 Bf6 40. fxg6 hxg6 41. Rf3 Be7 42. Rf7 Kd7 43. Nf4
Ke8 44. Rg7 Bxc5 1/2-1/2

[Event "Gonzaga Masters 2016"]
[Site "Dublin IRL"]
[Date "2016.01.23"]
[Round "2"]
[White "Nunes, Franklin"]
[Black "Khaydarov, Ravshan"]
[Result "1/2-1/2"]
[WhiteElo "1877"]
[BlackElo "1866"]
[WhiteICU "1826"]
[BlackICU "1823"]
[WhiteClub "Rathmines"]
[BlackClub "Lucan"]
[WhiteNationality "BRA"]
[BlackNationality "UZB"]
[WhiteFideId "2158272"]
[BlackFideId "14202026"]
[PlyCount "90"]
[EventDate "2016.01.22"]
[Source "Herbert Scarry, via Dylan Boland"]

{ Reference: <a
href="http://www.irlchess.com/gonzaga2016_allfiles/pairings_gonzaga2016.html">Tournament
report</a>. } { Event information: <a
href="http://ratings.icu.ie/tournaments/781">Pairings &amp; results</a>,
ICU ratings web site. }

1. e4 e6 2. d3 d5 3. Nd2 Nf6 4. Ngf3 b6 5. e5 Nfd7 6. g3 Bb7 7. Bg2 c5 8.
O-O Nc6 9. Re1 Qc7 10. Qe2 Be7 11. Nf1 h6 12. h4 Rg8 13. N1h2 g5 14. hxg5
hxg5 15. Ng4 O-O-O 16. Bd2 Nf8 17. a4 a6 18. c3 Na5 19. b4 Nb3 20. Rab1 c4
21. Nd4 Nxd2 22. Qxd2 Kb8 23. a5 b5 24. Rbd1 Nd7 25. Qe3 Ka8 26. dxc4 dxc4
27. Bxb7+ Qxb7 28. Qe4 Qxe4 29. Rxe4 Kb7 30. Ree1 Nb8 31. Kg2 Nc6 32. Nxc6
Kxc6 33. Kf3 Rxd1 34. Rxd1 Rd8 35. Rxd8 Bxd8 36. Ke4 Be7 37. Kd4 Bd8 38.
Nf6 Be7 39. Ne4 g4 40. Ke3 Kd5 41. Kf4 Bd8 42. Nf6+ Bxf6 43. exf6 Kd6 44.
Kxg4 Ke5 45. Kf3 Kxf6 1/2-1/2